University Home | Library Home | Institutional Repository

Epilepsy : scientific foundations of clinical practice / (Record no. 216535)

MARC details
000 -LEADER
fixed length control field 00992nam a22002417a 4500
005 - DATE AND TIME OF LATEST TRANSACTION
control field 20260331141720.0
008 - FIXED-LENGTH DATA ELEMENTS--GENERAL INFORMATION
fixed length control field 260331b ||||| |||| 00| 0 eng d
020 ## - INTERNATIONAL STANDARD BOOK NUMBER
International Standard Book Number 0824750438
040 ## - CATALOGING SOURCE
Original cataloging agency LC
Transcribing agency UNZA
Description conventions RDA
050 ## - LIBRARY OF CONGRESS CALL NUMBER
Classification number RC 372
Item number EPI 2004
245 ## - TITLE STATEMENT
Title Epilepsy : scientific foundations of clinical practice /
Statement of responsibility, etc. edited by Jong M. Rho, University of California at Irvine College of Medicine, Irvine, California, U.S. A.; Raman Sankar, University of California, Los Angeles, Los Angeles, U.S.A. and Jose E. Cavazos, University of Texas Health Science Center at San Antonio, San Antonio, Texas, U.S.A.
260 ## - PUBLICATION, DISTRIBUTION, ETC.
Place of publication, distribution, etc. New York :
Name of publisher, distributor, etc. Marcel Dekker Inc.,
Date of publication, distribution, etc. 2004.
300 ## - PHYSICAL DESCRIPTION
Extent xii, 510 pages :
Other physical details illustrations.
336 ## - CONTENT TYPE
CONTENT TYPE Text
337 ## - MEDIA TYPE
MEDIA TYPE Unmediated
338 ## - CARRIER TYPE
CARRIER TYPE Volume
504 ## - BIBLIOGRAPHY, ETC. NOTE
Bibliography, etc. note Includes bibliographical references and index.
650 ## - SUBJECT ADDED ENTRY--TOPICAL TERM
Topical term or geographic name entry element Epilepsy.
700 ## - ADDED ENTRY--PERSONAL NAME
Personal name Rho, Jong M.
Relator term editor
700 ## - ADDED ENTRY--PERSONAL NAME
Personal name Sankar, Raman
Relator term editor
700 ## - ADDED ENTRY--PERSONAL NAME
Personal name Cavazos, Jose E.
Relator term editor
999 ## -
-- 216535
-- 216535
942 ## - ADDED ENTRY ELEMENTS (KOHA)
Koha item type Book
Holdings
Withdrawn status Lost status Source of classification or shelving scheme Damaged status Not for loan Collection code Home library Current library Shelving location Date acquired Total Checkouts Full call number Barcode Date last seen Copy number Cost, replacement price Price effective from Koha item type
    Library of Congress Classification     Non-fiction Medical Library Medical Library On Shelf 03/31/2026   RC 372 EPI 2004 33729000170881 03/31/2026 1 300.00 03/31/2026 Book
© 2026 - The University of Zambia Library - Koha v25.11